000 01866cam a22004694i 4500
003 PE-LiUPU
005 20250731173402.0
008 150616s1969 ag r 000 0 spa d
035 _a(Sirsi) a497
040 _aPE-LiUPU
_bspa
_cPE-LiUPU
_erda
049 _aPRUA
082 0 4 _a268.433
_bL22
_221
100 1 _aLambdin, Ina S.,
_d1894-1975,
_eautor.
245 1 3 _aEl arte de enseñar a los intermedios /
_cIna S. Lambdin.
264 1 _aBuenos Aires :
_bCasa Bautista de Publicaciones,
_c1969.
300 _a122 páginas ;
_c18 centímetros
336 _atext
_2rdacontent
337 _aunmediated
_2rdamedia
338 _avolume
_2rdacarrier
505 0 _aDeterminando la dirección -- Entendiendo al intermedio -- ¿Qué es lo que el intermedio quiere y necesita? -- El maestro frente a su tarea -- ¿Cómo aprende el intermedio? -- Haciendo planes con respecto al proceso de enseñanza -- El proceso de enseñanza en acción -- La enseñanza fuera de clase -- El artista y su persona.
526 _aSEG42
526 _aSEG41
526 _aSEG40
526 _aSEG39
526 _aP94
526 _aP87
526 _aP86
526 _aP85
526 _aP77
526 _aP76
526 _aP35
650 2 4 _aEducación cristiana de niños.
650 1 4 _aEducación cristiana de adolescentes.
650 2 4 _aEducación cristiana de jóvenes.
910 _ajck
_bjvq
_cjck
942 _2ddc
_cBOOK
949 _a268.433 L22
_wDEWEY
_c1
_i17918
_lCCODEBUL1
_mBUL
_p25.00
_r0
_sY
_tBOOK
_u19800623
_xTEOLOGIA
_zUNKNOWN
_0COMPRA
_o.STAFF. Colección Teología
994 _aC0
_bPEPRU
596 _a1
999 _a268.433 L22
_wDEWEY
_c52073
_i17918
_f2021-11-10
_g5
_lCCODEBUL1
_mBUL
_p25.00
_r0
_sY
_tBOOK
_u2015-6-16
_xTEOLOGIA
_PP35
_0COMPRA
_o.STAFF. Colección Teología
_d52073
980 _81
_gALBERTO SANCHEZ Responsable de Automatización